000
00284nam a2200109 a 4500
005
20201002044919.0
008
140402s1971 000 spa d
100
_a
Hoffmann Grimm, Endersen
_9
71503
245
0
_a
Cuentos.
260
_a
Madrid -- Libra,
_c
1971 -- 181 p.
999
_c
43167
_d
43167
040
_a
DO-SdBNP